Spirit's gift (Record no. 20731)
[ view plain ]
| 000 -LEADER | |
|---|---|
| fixed length control field | 02564nam a22003974a 4500 |
| 082 04 - DEWEY DECIMAL CLASSIFICATION NUMBER | |
| Classification number | 194 |
| 100 1# - MAIN ENTRY--AUTHOR NAME | |
| Personal name | L�opez, Antonio, |
| 245 10 - TITLE STATEMENT | |
| Title | Spirit's gift |
| 260 ## - PUBLICATION, DISTRIBUTION, ETC. (IMPRINT) | |
| Place of publication | Washington, D.C. : |
| Name of publisher | Catholic University of America Press, |
| Year of publication | c2006. |
| 300 ## - PHYSICAL DESCRIPTION | |
| Number of Pages | xii, 262 p. |
| 505 0# - FORMATTED CONTENTS NOTE | |
| Formatted contents note | Part I: Self-determining freedom -- The encounter between philosophy and theology -- From theology to philosophy -- The whole of reason -- Christian intimations of philosophy -- Anthropology beckons -- A theological reading of Hegel -- Hegel's logic revisited -- Anthropology's seeming negativity -- Absolute's freedom -- Self-disclosing gift -- Absolute freedom and spirit -- The logic of mercy -- Part II: The ontology of gift -- Retrieving the spirit -- Otherness and surprise as the beginning of metaphysics -- Positivistic reduction and promethean presumption -- The concept of the spirit and its manifestation -- Phenomenology of spirit -- An ontology of gift : finite spirit -- Giving before having -- Gratuitous reciprocity -- A perilous existence -- Altogether gift : absolute spirit -- The absolute principle -- Absolute gift : the infinite, the creator, and the eternal -- God's unfathomable love : the confirmation of the gift -- Love's ruse : the ultimate positivity of gift -- Three persons and the one personal God -- The kingdom of the Father -- Trinity and person -- Confirmation of finite spirit. |
| 650 #0 - SUBJECT ADDED ENTRY--TOPICAL TERM | |
| Topical Term | Generosity. |
| Topical Term | Gifts. |
| Topical Term | Philosophical theology. |
| Topical Term | Christianity |
| Topical Term | Metaphysics. |
| 856 40 - ELECTRONIC LOCATION AND ACCESS | |
| Uniform Resource Identifier | http://site.ebrary.com/lib/rucke/Doc?id=10273941 |
No items available.
